Cómo medir la satisfacción del cliente : desarrollo y utilización de cuestionarios /

El autor plantea el uso de cuestionarios como una de las herramientas que permiten medir las percepciones y actitudes del cliente en relación con la calidad de los servicios o productos que recibe.

Spremljeno u:
Bibliografski detalji
Glavni autor: Hayes, Bob E. (autor)
Format: Knjiga
Jezik:španjolski
Izdano: Barcelona, España : Gestión 2000, 1999, c1995
Izdanje:2a edición
Teme:
Oznake: Dodaj oznaku
Bez oznaka, Budi prvi tko označuje ovaj zapis!

MARC

LEADER 00000nam^a2200000^a^4500
001 000157860
005 20250521000000.0
009 20260310100553.03
020 |a 84-8088-391-X 
037 |a Acervo ITESO - Biblioteca 
041 |a ESP 
082 |a 658. 8343  |b HAY 
100 |a Hayes, Bob E.  |e (autor) 
245 1 0 |a Cómo medir la satisfacción del cliente :  |b desarrollo y utilización de cuestionarios /  |c B.E. Hayes ; tr. por Adelaida Santapau. 
250 |a 2a edición 
264 4 |a Barcelona, España :  |b Gestión 2000,  |c 1999, c1995 
300 |a 197 p. 
336 |a texto  |b txt  |2 rdacontenido 
337 |a sin mediación  |b n  |2 rdamedio 
338 |a volumen  |b nc  |2 rdasoporte 
500 |a Traducción de: Measuring costumer satisfaction 
520 |a El autor plantea el uso de cuestionarios como una de las herramientas que permiten medir las percepciones y actitudes del cliente en relación con la calidad de los servicios o productos que recibe. 
649 |a XX 
650 |a Clientes 
650 |a Comportamiento del Consumidor -  |x Medición 
650 |a Atención al Cliente -  |x Medición 
650 |a Relaciones Públicas 
650 |a Comunicación Organizacional 
650 |a Promoción del Producto 
650 |a Distribución del Producto 
650 |a Prestación del Servicio 
650 |a Mezcla de Mercadotecnia 
650 |a Cuestionario 
650 |a Investigación de Mercado 
650 |a Mercadotecnia -  |x Metodología 
650 |a Ciencias Administrativas 
910 |a Fondo General 
920 |a Impresos - Libros 
930 |a Colección General 
905 |a 101 
901 |a 0500087754  |b IT1  |c ACC  |u 20250521 
902 |a https://opac.biblio.iteso.mx/vufind/Record/000157860